Kannada sahitya sanchaya: ಕನ್ನಡ ಸಾಹಿತ್ಯ ಸಂಚಯ (Record no. 224642)
[ view plain ]
| 000 -LEADER | |
|---|---|
| fixed length control field | 02147nam a22002657a 4500 |
| 005 - DATE AND TIME OF LATEST TRANSACTION | |
| control field | 20220926140732.0 |
| 008 - FIXED-LENGTH DATA ELEMENTS--GENERAL INFORMATION | |
| fixed length control field | 220922b ||||| |||| 00| 0 eng d |
| 020 ## - INTERNATIONAL STANDARD BOOK NUMBER | |
| International Standard Book Number | 9789350871517 |
| 040 ## - CATALOGING SOURCE | |
| Transcribing agency | AL |
| 041 ## - LANGUAGE CODE | |
| Language code of text/sound track or separate title | kan |
| 082 ## - DEWEY DECIMAL CLASSIFICATION NUMBER | |
| Edition number | 23 |
| Classification number | K894.9 |
| Item number | KALK |
| 100 ## - MAIN ENTRY--PERSONAL NAME | |
| Personal name | J C Kalaburgi:,ಜೆ ಸಿ ಕಲಬುರ್ಗಿ |
| 100 ## - MAIN ENTRY--PERSONAL NAME | |
| 9 (RLIN) | 58505 |
| 245 ## - TITLE STATEMENT | |
| Title | Kannada sahitya sanchaya: ಕನ್ನಡ ಸಾಹಿತ್ಯ ಸಂಚಯ |
| 260 ## - PUBLICATION, DISTRIBUTION, ETC. | |
| Place of publication, distribution, etc. | Dharavada |
| Name of publisher, distributor, etc. | Kalaburgi Pustaka Mane Prakashana |
| 300 ## - PHYSICAL DESCRIPTION | |
| Extent | xxi,266p |
| Other physical details | HB |
| Dimensions | 25x16cm. |
| 365 ## - TRADE PRICE | |
| Source of price type code | Kannada |
| Price type code | BLCR-000079 |
| Price amount | 320.00 |
| Currency code | ₹ |
| Unit of pricing | 400.00 |
| Price note | 20% |
| Price effective from | 06-09-2022 |
| 520 ## - SUMMARY, ETC. | |
| Summary, etc. | ಕನ್ನಡ ಸಾಹಿತ್ಯ ಚರಿತ್ರೆಯ ನೋಟ <br/>ಪೂರ್ವದ ಹಳಗನ್ನಡ ಸಾಹಿತ್ಯ <br/>ಹಳಗನ್ನಡ ಸಾಹಿತ್ಯ <br/>ನಡುಗನ್ನಡ ಸಾಹಿತ್ಯ <br/>ಹೊಸಗನ್ನಡ ಸಾಹಿತ್ಯ ನವಯುಗದ ಆವಿಷ್ಕಾರ <br/>ಹೊಸಗನ್ನಡ ಸಾಹಿತ್ಯದ ಪ್ರಮುಖ ಘಟ್ಟಗಳು <br/>ಹೊಸಗನ್ನಡ ಸಾಹಿತ್ಯ ಕವಿ ಕಾವ್ಯ ಚಿಂತನೆ <br/>ಕನ್ನಡ ಸಾಹಿತ್ಯ ರಾಜಾಶ್ರಯ ಮತ್ತು ಸಂಸ್ಕ್ರತಿ <br/>ಭಾರತೀಯ ಕಾವ್ಯ ಮೀಮಾಂಸೆ <br/>ಪಾಶ್ಚತ್ಯ ಕಾವ್ಯ ಮೀಮಾಂಸೆ <br/>ಕನ್ನಡ ವ್ಯಾಕರಣ <br/>ಭಾಷಾ ವಿಜ್ಞಾನ <br/>ಸಂಶೋಧನೆ <br/>ಕನ್ನಡದ ಪ್ರಮುಖ ಸಾಹಿತ್ಯ ಪತ್ರಿಕೆಗಳು <br/>ಸಾಹಿತ್ಯ ವಿಮರ್ಶೆ<br/> ಜಾನಪದ ಸಾಹಿತ್ಯ <br/> |
| 650 ## - SUBJECT ADDED ENTRY--TOPICAL TERM | |
| Topical term or geographic name entry element | Kannada Sahitya: ಕನ್ನಡ ಸಾಹಿತ್ಯ |
| 9 (RLIN) | 58256 |
| 650 ## - SUBJECT ADDED ENTRY--TOPICAL TERM | |
| Topical term or geographic name entry element | Kavya Mimamse: ಕಾವ್ಯ ಮೀಮಾಂಸೆ |
| 9 (RLIN) | 58257 |
| 650 ## - SUBJECT ADDED ENTRY--TOPICAL TERM | |
| Topical term or geographic name entry element | Bhasha Vijnana: ಭಾಷಾ ವಿಜ್ಞಾನ |
| 9 (RLIN) | 58258 |
| 650 ## - SUBJECT ADDED ENTRY--TOPICAL TERM | |
| Topical term or geographic name entry element | Janapada Sahitya: ಜಾನಪದ ಸಾಹಿತ್ಯ |
| 9 (RLIN) | 58259 |
| 650 ## - SUBJECT ADDED ENTRY--TOPICAL TERM | |
| Topical term or geographic name entry element | Competitive Exam: ಸ್ಪರ್ಧಾತ್ಮಕ ಪರೀಕ್ಷೆ |
| 9 (RLIN) | 58506 |
| 700 ## - ADDED ENTRY--PERSONAL NAME | |
| Personal name | KALABURGI (J C): ಕಲಬುರ್ಗಿ (ಜೆ ಸಿ) |
| 9 (RLIN) | 58260 |
| 942 ## - ADDED ENTRY ELEMENTS (KOHA) | |
| Source of classification or shelving scheme | Dewey Decimal Classification |
| Koha item type | Book |
| Withdrawn status | Lost status | Source of classification or shelving scheme | Damaged status | Not for loan | Collection code | Home library | Current library | Date acquired | Source of acquisition | Cost, normal purchase price | Total Checkouts | Full call number | Barcode | Date last seen | Cost, replacement price | Koha item type |
|---|---|---|---|---|---|---|---|---|---|---|---|---|---|---|---|---|
| Dewey Decimal Classification | Reference Book | Kannada | St Aloysius Library | St Aloysius Library | 09/16/2022 | Navakarnataka Publications Pvt.Ltd. | 320.00 | K894.9 KALK | 076060 | 09/22/2022 | 400.00 | Book |